Brújulas empresariales / (Registro nro. 7089)
[ vista simple ]
| 000 -LEADER | |
|---|---|
| fixed length control field | 01322cam a2200265 a 4500 |
| 003 - CONTROL NUMBER IDENTIFIER | |
| control field | OSt |
| 005 - DATE AND TIME OF LATEST TRANSACTION | |
| control field | 20210202122738.0 |
| 008 - FIXED-LENGTH DATA ELEMENTS--GENERAL INFORMATION | |
| fixed length control field | 071128t 2004ck r 001 0 spa d |
| 020 ## - INTERNATIONAL STANDARD BOOK NUMBER | |
| International Standard Book Number | 9587090721 |
| 040 ## - CATALOGING SOURCE | |
| Original cataloging agency | CO-BoPUJ |
| Transcribing agency | CO-JMCR |
| 041 0# - LANGUAGE CODE | |
| Language code of text/sound track or separate title | spa |
| 082 04 - DEWEY DECIMAL CLASSIFICATION NUMBER | |
| Classification number | 658.4 / |
| Item number | R696b |
| Edition number | 23 |
| 100 1# - MAIN ENTRY--PERSONAL NAME | |
| Personal name | Rodríguez Múnera, Mauricio, |
| Relator term | autor |
| 9 (RLIN) | 12965 |
| 245 10 - TITLE STATEMENT | |
| Title | Brújulas empresariales / |
| Statement of responsibility, etc. | Mauricio Rodríguez Múnera |
| 260 ## - PUBLICATION, DISTRIBUTION, ETC. | |
| Place of publication, distribution, etc. | [Bogotá] : |
| Name of publisher, distributor, etc. | Grupo Editorial El Tiempo : |
| -- | Portafolio, |
| Date of publication, distribution, etc. | 2004 |
| 300 ## - PHYSICAL DESCRIPTION | |
| Extent | 220 páginas ; |
| Dimensions | 25 cm. |
| 440 #0 - SERIES STATEMENT/ADDED ENTRY--TITLE | |
| Title | Portafolio |
| 9 (RLIN) | 12966 |
| 490 0# - SERIES STATEMENT | |
| Series statement | Portafolio |
| 520 0# - SUMMARY, ETC. | |
| Summary, etc. | Con razón afirman los expertos que Colombia es un país subadministrado. Es un decir, que las potencialidades nacionales no se han exportado debidamente por ausencia de manejos gerenciales eficaces (hacer lo que se debe hacer) y gestionar eficientes (hacer las cosas bien). El motivo por el cual la ciencia y el arte de administrar dejan mucho que desear en nuestro medio es que poco se estudian las teorías y las experiencias exitosas que abundan sobre la buena gerencia. |
| 650 14 - SUBJECT ADDED ENTRY--TOPICAL TERM | |
| Topical term or geographic name entry element | Administración de empresas |
| Geographic subdivision | Colombia |
| 9 (RLIN) | 12967 |
| 650 24 - SUBJECT ADDED ENTRY--TOPICAL TERM | |
| Topical term or geographic name entry element | Planificación estratégica |
| Geographic subdivision | Colombia |
| 9 (RLIN) | 12968 |
| 650 24 - SUBJECT ADDED ENTRY--TOPICAL TERM | |
| Topical term or geographic name entry element | Liderazgo |
| Geographic subdivision | Colombia |
| 9 (RLIN) | 12969 |
| 650 24 - SUBJECT ADDED ENTRY--TOPICAL TERM | |
| Topical term or geographic name entry element | Planificación empresarial |
| Geographic subdivision | Colombia |
| 9 (RLIN) | 12970 |
| 942 ## - ADDED ENTRY ELEMENTS (KOHA) | |
| Source of classification or shelving scheme | Dewey Decimal Classification |
| Koha item type | Books |
| Withdrawn status | Lost status | Source of classification or shelving scheme | Damaged status | Not for loan | Home library | Current library | Shelving location | Date acquired | Source of acquisition | Total Checkouts | Full call number | Barcode | Date last seen | Copy number | Price effective from | Koha item type |
|---|---|---|---|---|---|---|---|---|---|---|---|---|---|---|---|---|
| Dewey Decimal Classification | Biblioteca Pública José María del Castillo y Rada | Biblioteca Pública José María del Castillo y Rada | General Stacks | 10/02/2020 | Donación | 658.4 / R696b | 201810167 | 05/16/2024 | Ej.1 | 10/02/2020 | Books |